[Event "OEISM 0818 BLMM"]
[Site "austriablmm"]
[Date "2020.12.12"]
[Round "2"]
[White "Miriamk"]
[Black "Blumenlaus"]
[Result "0-1"]
[WhiteElo "1562"]
[BlackElo "1808"]
[Annotator "NA RC"]
[PlyCount "106"]
[EventDate "2020.12.12"]
[EventType "blitz"]

1. e4 {[%emt 0:00:03]} c5 {[%emt 0:00:02]} 2. Nf3 {[%emt 0:00:02]} d6 {[%emt 0:00:04]} 3. d4 {[%emt 0:00:02]} cxd4 {[%emt 0:00:01]} 4. Nxd4 {[%emt 0:00:01]} Nf6 {[%emt 0:00:01]} 5. Nc3 {[%emt 0:00:02]} a6 {[%emt 0:00:01]} 6. h4 {[%emt 0:00:02]} e5 {[%emt 0:00:05]} 7. Nb3 {[%emt 0:00:04]} Be6 {[%emt 0:00:02]} 8. f4 {[%emt 0:00:05]} Nc6 {[%emt 0:00:27]} 9. f5 {[%emt 0:00:40]} Bxb3 {[%emt 0:00:17]} 10. axb3 {[%emt 0:00:22]} Be7 {[%emt 0:00:02]} 11. Bc4 {[%emt 0:00:25]} Nd4 {[%emt 0:00:09]} 12. Be3 {[%emt 0:00:50]} b5 {[%emt 0:00:15]} 13. Bd3 {[%emt 0:01:12]} d5 {[%emt 0:00:18]} 14. Bxd4 {[%emt 0:01:36]} exd4 {[%emt 0:00:25]} 15. Nxb5 {[%emt 0:00:23]} axb5 {[%emt 0:00:07]} 16. Bxb5+ {[%emt 0:00:02]} Kf8 {[%emt 0:00:05]} 17. e5 {[%emt 0:01:02]} Ne4 {[%emt 0:00:07]} 18. Rxa8 {[%emt 0:00:40]} Qxa8 {[%emt 0:00:09]} 19. O-O {[%emt 0:00:25]} Qa5 {[%emt 0:00:26]} 20. Bd7 {[%emt 0:00:28]} Qd2 {[%emt 0:00:21]} 21. Qxd2 {[%emt 0:00:14]} Nxd2 {[%emt 0:00:01]} 22. Ra1 {[%emt 0:00:08]} Bd8 {[%emt 0:00:17]} 23. Ra8 {[%emt 0:00:25]} Ke7 {[%emt 0:00:02]} 24. Ra7 {[%emt 0:00:01]} Bb6 {[%emt 0:00:04]} 25. Rb7 {[%emt 0:00:05]} d3+ {[%emt 0:00:11]} 26. Rxb6 {[%emt 0:00:13]} dxc2 {[%emt 0:00:01]} 27. Rc6 {[%emt 0:00:06]} Kxd7 {[%emt 0:00:03]} 28. Rxc2 {[%emt 0:00:02]} Nxb3 {[%emt 0:00:03]} 29. Rc3 {[%emt 0:00:10]} Nd4 {[%emt 0:00:05]} 30. Rd3 {[%emt 0:00:20]} Nxf5 {[%emt 0:00:06]} 31. Rxd5+ {[%emt 0:00:01]} Ke6 {[%emt 0:00:01]} 32. Rb5 {[%emt 0:00:11]} Nxh4 {[%emt 0:00:04]} 33. Kf2 {[%emt 0:00:21]} Rd8 {[%emt 0:00:03]} 34. Kg3 {[%emt 0:00:12]} Ng6 {[%emt 0:00:06]} 35. b4 {[%emt 0:00:19]} Nxe5 {[%emt 0:00:03]} 36. Kf4 {[%emt 0:00:02]} Ng6+ {[%emt 0:00:08]} 37. Ke4 {[%emt 0:00:12]} Ne7 {[%emt 0:00:20]} 38. Rb6+ {[%emt 0:00:03]} Rd6 {[%emt 0:00:02]} 39. Rb5 {[%emt 0:00:05]} f5+ {[%emt 0:00:02]} 40. Kf4 {[%emt 0:00:05]} h6 {[%emt 0:00:02]} 41. Re5+ {[%emt 0:00:02]} Kf6 {[%emt 0:00:03]} 42. Rb5 {[%emt 0:00:03]} g5+ {[%emt 0:00:02]} 43. Ke3 {[%emt 0:00:04]} Nd5+ {[%emt 0:00:02]} 44. Kf3 {[%emt 0:00:05]} Ke5 {[%emt 0:00:03]} 45. g3 {[%emt 0:00:04]} g4+ {[%emt 0:00:01]} 46. Ke2 {[%emt 0:00:03]} f4 {[%emt 0:00:05]} 47. gxf4+ {[%emt 0:00:07]} Kxf4 {[%emt 0:00:00]} 48. Rb8 {[%emt 0:00:05]} g3 {[%emt 0:00:04]} 49. Rf8+ {[%emt 0:00:02]} Rf6 {[%emt 0:00:01]} 50. Rb8 {[%emt 0:00:03]} g2 {[%emt 0:00:02]} 51. Rg8 {[%emt 0:00:06]} Ne3 {[%emt 0:00:04]} 52. b5 {[%emt 0:00:03]} h5 {[%emt 0:00:07]} 53. Rg7 {[%emt 0:00:07]} h4 {[%emt 0:00:02] Miriamk gibt auf (Lag: Av=0.48s, max=0.8s)} 0-1

[Event "OEISM 0818 BLMM"]
[Site "austriablmm"]
[Date "2020.12.12"]
[Round "2"]
[White "Uhtred08"]
[Black "Schaf2009"]
[Result "0-1"]
[WhiteElo "1536"]
[BlackElo "1788"]
[Annotator "NA RC"]
[PlyCount "94"]
[EventDate "2020.12.12"]
[EventType "blitz"]

1. e4 {[%emt 0:00:04]} c6 {[%emt 0:00:06]} 2. d4 {[%emt 0:00:02]} d5 {[%emt 0:00:02]} 3. exd5 {[%emt 0:00:06]} cxd5 {[%emt 0:00:05]} 4. Bd3 {[%emt 0:00:02]} Nc6 {[%emt 0:00:07]} 5. c3 {[%emt 0:00:08]} Nf6 {[%emt 0:00:12]} 6. Bf4 {[%emt 0:00:18]} Bg4 {[%emt 0:00:14]} 7. f3 {[%emt 0:00:26]} Bh5 {[%emt 0:00:04]} 8. Ne2 {[%emt 0:00:04]} e6 {[%emt 0:00:07]} 9. O-O {[%emt 0:00:05]} Bg6 {[%emt 0:00:05]} 10. Ng3 {[%emt 0:00:18]} Rc8 {[%emt 0:00:11]} 11. Bxg6 {[%emt 0:00:16]} hxg6 {[%emt 0:00:02]} 12. Nd2 {[%emt 0:00:04]} Bd6 {[%emt 0:00:03]} 13. Bxd6 {[%emt 0:00:12]} Qxd6 {[%emt 0:00:05]} 14. Rc1 {[%emt 0:00:04]} Ne7 {[%emt 0:00:34]} 15. Re1 {[%emt 0:00:20]} Nf5 {[%emt 0:00:07]} 16. Nxf5 {[%emt 0:00:07]} gxf5 {[%emt 0:00:17]} 17. g3 {[%emt 0:00:26]} Nh5 {[%emt 0:00:49]} 18. f4 {[%emt 0:00:21]} g5 {[%emt 0:00:32]} 19. fxg5 {[%emt 0:02:10]} Nxg3 {[%emt 0:00:55]} 20. Qf3 {[%emt 0:00:58]} Ne4 {[%emt 0:00:08]} 21. Re2 {[%emt 0:00:25]} Nxg5 {[%emt 0:00:14]} 22. Qg3 {[%emt 0:01:14]} Qxg3+ {[%emt 0:00:14]} 23. hxg3 {[%emt 0:00:03]} Ne4 {[%emt 0:00:02]} 24. Nxe4 {[%emt 0:00:15]} dxe4 {[%emt 0:00:13]} 25. Kg2 {[%emt 0:00:05]} Rg8 {[%emt 0:00:02]} 26. c4 {[%emt 0:00:11]} Rg4 {[%emt 0:00:16]} 27. Kh3 {[%emt 0:00:11]} Ke7 {[%emt 0:00:03]} 28. d5 {[%emt 0:00:23]} Rh8+ {[%emt 0:00:36]} 29. Kg2 {[%emt 0:00:02]} Rhg8 {[%emt 0:00:01]} 30. Rc3 {[%emt 0:00:15]} Kd6 {[%emt 0:00:22]} 31. dxe6 {[%emt 0:00:20]} fxe6 {[%emt 0:00:07]} 32. b4 {[%emt 0:00:09]} b6 {[%emt 0:00:27]} 33. c5+ {[%emt 0:00:04]} Kc6 {[%emt 0:00:53]} 34. cxb6+ {[%emt 0:00:37]} Kxb6 {[%emt 0:00:03]} 35. a4 {[%emt 0:00:02] Uhtred08 offers a draw} R8g7 {[%emt 0:00:24]} 36. Rd2 {[%emt 0:00:23]} R4g6 {[%emt 0:00:22]} 37. Rd6+ {[%emt 0:00:23]} Kb7 {[%emt 0:00:03]} 38. a5 {[%emt 0:00:10]} Rg8 {[%emt 0:00:16]} 39. a6+ {[%emt 0:00:07]} Kb8 {[%emt 0:00:03]} 40. Rdc6 {[%emt 0:00:03]} f4 {[%emt 0:00:06]} 41. R6c4 {[%emt 0:00:04]} Rxg3+ {[%emt 0:00:11]} 42. Rxg3 {[%emt 0:00:03]} Rxg3+ {[%emt 0:00:03]} 43. Kf2 {[%emt 0:00:01]} e3+ {[%emt 0:00:08]} 44. Ke2 {[%emt 0:00:03]} Rg2+ {[%emt 0:00:05]} 45. Kf3 {[%emt 0:00:02]} Rf2+ {[%emt 0:00:02]} 46. Kg4 {[%emt 0:00:03]} e2 {[%emt 0:00:01]} 47. Rc1 {[%emt 0:00:04]} Rf1 {[%emt 0:00:04] TimeW} 0-1

[Event "OEISM 0818 BLMM"]
[Site "austriablmm"]
[Date "2020.12.12"]
[Round "2"]
[White "Chessroman"]
[Black "Mostinchen"]
[Result "1-0"]
[WhiteElo "1508"]
[BlackElo "1517"]
[Annotator "NA RC"]
[PlyCount "81"]
[EventDate "2020.12.12"]
[EventType "blitz"]

1. e4 {[%emt 0:00:05]} d5 {[%emt 0:00:02]} 2. exd5 {[%emt 0:00:04]} Qxd5 {[%emt 0:00:02]} 3. Nf3 {[%emt 0:00:03]} Nf6 {[%emt 0:00:04]} 4. d4 {[%emt 0:00:29]} Nc6 {[%emt 0:00:05]} 5. c3 {[%emt 0:00:12]} Bf5 {[%emt 0:00:03]} 6. Bf4 {[%emt 0:00:08]} O-O-O {[%emt 0:00:15]} 7. Bd3 {[%emt 0:00:27]} Bg6 {[%emt 0:00:26]} 8. O-O {[%emt 0:00:22]} e6 {[%emt 0:00:32]} 9. Be2 {[%emt 0:00:24]} Nh5 {[%emt 0:02:06]} 10. Be3 {[%emt 0:01:32]} Be7 {[%emt 0:01:59]} 11. Nbd2 {[%emt 0:00:15]} f5 {[%emt 0:00:15]} 12. Qb3 {[%emt 0:00:09]} Qxb3 {[%emt 0:00:10]} 13. Nxb3 {[%emt 0:00:05]} f4 {[%emt 0:00:03]} 14. Bd2 {[%emt 0:00:05]} Be4 {[%emt 0:00:57]} 15. Rad1 {[%emt 0:00:21]} g5 {[%emt 0:00:24]} 16. Nxg5 {[%emt 0:00:29]} Bxg5 {[%emt 0:00:06]} 17. Bxh5 {[%emt 0:00:07]} Rhg8 {[%emt 0:00:25]} 18. Bg4 {[%emt 0:00:19]} Rde8 {[%emt 0:00:28]} 19. f3 {[%emt 0:00:13]} Bd5 {[%emt 0:00:15]} 20. Rfe1 {[%emt 0:00:15]} Kb8 {[%emt 0:00:11]} 21. Kf2 {[%emt 0:00:13]} e5 {[%emt 0:00:09]} 22. g3 {[%emt 0:00:24]} fxg3+ {[%emt 0:00:09]} 23. hxg3 {[%emt 0:00:01]} Bxd2 {[%emt 0:00:04]} 24. Rxd2 {[%emt 0:00:03]} Re7 {[%emt 0:00:29]} 25. dxe5 {[%emt 0:00:05]} Be6 {[%emt 0:00:30]} 26. Bxe6 {[%emt 0:00:12]} Rxe6 {[%emt 0:00:02]} 27. Nd4 {[%emt 0:00:05]} Nxd4 {[%emt 0:00:02]} 28. Rxd4 {[%emt 0:00:02]} c5 {[%emt 0:00:05]} 29. Rd7 {[%emt 0:00:10]} h6 {[%emt 0:00:06]} 30. Red1 {[%emt 0:00:07]} Rge8 {[%emt 0:00:12]} 31. Rd8+ {[%emt 0:00:08]} Rxd8 {[%emt 0:00:02]} 32. Rxd8+ {[%emt 0:00:02]} Kc7 {[%emt 0:00:01]} 33. Rh8 {[%emt 0:00:04]} b5 {[%emt 0:00:10]} 34. f4 {[%emt 0:00:09]} a5 {[%emt 0:00:06]} 35. Ke3 {[%emt 0:00:03]} Rg6 {[%emt 0:00:15]} 36. Ke4 {[%emt 0:00:11]} Kd7 {[%emt 0:00:07]} 37. Kd5 {[%emt 0:00:07]} c4 {[%emt 0:00:02]} 38. Rh7+ {[%emt 0:00:04]} Kc8 {[%emt 0:00:07]} 39. Kc5 {[%emt 0:00:08]} b4 {[%emt 0:00:13]} 40. cxb4 {[%emt 0:00:06]} axb4 {[%emt 0:00:04]} 41. Kxc4 {[%emt 0:00:02] Mostinchen resigns} 1-0

[Event "OEISM 0818 BLMM"]
[Site "austriablmm"]
[Date "2020.12.12"]
[Round "2"]
[White "Luroe12"]
[Black "Valeria5492"]
[Result "1/2-1/2"]
[WhiteElo "1488"]
[BlackElo "1620"]
[Annotator "NA RC"]
[PlyCount "200"]
[EventDate "2020.12.12"]
[EventType "blitz"]

1. e4 {[%emt 0:00:03]} e5 {[%emt 0:00:03]} 2. Nf3 {[%emt 0:00:03]} Nc6 {[%emt 0:00:03]} 3. Bc4 {[%emt 0:00:04]} Bc5 {[%emt 0:00:04]} 4. Nc3 {[%emt 0:00:03]} d6 {[%emt 0:00:04]} 5. h3 {[%emt 0:00:02]} Nf6 {[%emt 0:00:08]} 6. d3 {[%emt 0:00:04]} Be6 {[%emt 0:00:23]} 7. Bxe6 {[%emt 0:00:07]} fxe6 {[%emt 0:00:04]} 8. Bg5 {[%emt 0:00:04]} Qe7 {[%emt 0:00:07]} 9. O-O {[%emt 0:00:07]} O-O-O {[%emt 0:00:06]} 10. a3 {[%emt 0:00:32]} h6 {[%emt 0:00:04]} 11. Bh4 {[%emt 0:00:08]} g5 {[%emt 0:00:06]} 12. Bg3 {[%emt 0:00:02]} d5 {[%emt 0:00:22]} 13. b4 {[%emt 0:00:09]} d4 {[%emt 0:00:18]} 14. Na4 {[%emt 0:00:42]} Bd6 {[%emt 0:00:29]} 15. b5 {[%emt 0:00:23]} Nb4 {[%emt 0:00:45]} 16. axb4 {[%emt 0:00:18]} Bxb4 {[%emt 0:00:09]} 17. Nxe5 {[%emt 0:00:34]} Bc3 {[%emt 0:00:55]} 18. Nxc3 {[%emt 0:00:18]} dxc3 {[%emt 0:00:03]} 19. Ng6 {[%emt 0:00:06]} Qc5 {[%emt 0:00:25]} 20. Nxh8 {[%emt 0:00:11]} Rxh8 {[%emt 0:00:05]} 21. Qb1 {[%emt 0:00:17]} Nh5 {[%emt 0:00:41]} 22. b6 {[%emt 0:00:31]} cxb6 {[%emt 0:00:27]} 23. Rxa7 {[%emt 0:00:09]} Rh7 {[%emt 0:01:06]} 24. Bh2 {[%emt 0:00:26]} Rg7 {[%emt 0:00:27]} 25. Ra8+ {[%emt 0:00:13]} Kd7 {[%emt 0:00:05]} 26. Ra7 {[%emt 0:00:10]} Qc6 {[%emt 0:00:22]} 27. Be5 {[%emt 0:00:30]} Rg6 {[%emt 0:00:23]} 28. Bh2 {[%emt 0:01:40]} g4 {[%emt 0:00:25]} 29. hxg4 {[%emt 0:00:12]} Rxg4 {[%emt 0:00:05]} 30. f3 {[%emt 0:00:29]} Rg5 {[%emt 0:00:08]} 31. d4 {[%emt 0:00:40]} Nf6 {[%emt 0:00:38]} 32. Be5 {[%emt 0:00:43]} Nh5 {[%emt 0:00:25]} 33. g4 {[%emt 0:00:22]} Ng7 {[%emt 0:00:15]} 34. Bxg7 {[%emt 0:00:04]} Rxg7 {[%emt 0:00:05]} 35. Rd1 {[%emt 0:00:17]} h5 {[%emt 0:00:13]} 36. d5 {[%emt 0:00:11]} exd5 {[%emt 0:00:11]} 37. Rxd5+ {[%emt 0:00:07]} Ke6 {[%emt 0:00:19]} 38. Ra1 {[%emt 0:00:19]} h4 {[%emt 0:00:10]} 39. Kf2 {[%emt 0:00:08]} h3 {[%emt 0:00:04]} 40. Qd1 {[%emt 0:00:04]} Rh7 {[%emt 0:00:08]} 41. Rd6+ {[%emt 0:00:03]} Qxd6 {[%emt 0:00:04]} 42. Qxd6+ {[%emt 0:00:05]} Kxd6 {[%emt 0:00:02]} 43. Rh1 {[%emt 0:00:07]} Ke5 {[%emt 0:00:10]} 44. Kg3 {[%emt 0:00:02]} b5 {[%emt 0:00:08]} 45. Rxh3 {[%emt 0:00:03]} Rd7 {[%emt 0:00:07]} 46. Kf2 {[%emt 0:00:07]} b4 {[%emt 0:00:02]} 47. Rh5+ {[%emt 0:00:03]} Kd4 {[%emt 0:00:04]} 48. Rh1 {[%emt 0:00:03]} Re7 {[%emt 0:00:08]} 49. Rd1+ {[%emt 0:00:03]} Kc4 {[%emt 0:00:04]} 50. Ke3 {[%emt 0:00:04]} Kb5 {[%emt 0:00:09]} 51. Rd5+ {[%emt 0:00:04]} Ka4 {[%emt 0:00:02]} 52. Rd4 {[%emt 0:00:03]} b6 {[%emt 0:00:03]} 53. f4 {[%emt 0:00:04]} b5 {[%emt 0:00:03]} 54. Kd3 {[%emt 0:00:02]} Rh7 {[%emt 0:00:05]} 55. Rd8 {[%emt 0:00:06]} Ka3 {[%emt 0:00:09]} 56. Ra8+ {[%emt 0:00:02]} Kb2 {[%emt 0:00:02]} 57. Ke2 {[%emt 0:00:03]} Rh2+ {[%emt 0:00:03]} 58. Kd3 {[%emt 0:00:03]} b3 {[%emt 0:00:06]} 59. cxb3 {[%emt 0:00:02]} Kxb3 {[%emt 0:00:01]} 60. Rc8 {[%emt 0:00:02]} Rh3+ {[%emt 0:00:02]} 61. Ke2 {[%emt 0:00:04]} b4 {[%emt 0:00:01]} 62. g5 {[%emt 0:00:05]} c2 {[%emt 0:00:02]} 63. Kd2 {[%emt 0:00:03]} Rh2+ {[%emt 0:00:01]} 64. Kc1 {[%emt 0:00:03]} Rh1+ {[%emt 0:00:04]} 65. Kd2 {[%emt 0:00:01]} Kb2 {[%emt 0:00:03]} 66. Rxc2+ {[%emt 0:00:03]} Kb3 {[%emt 0:00:02]} 67. g6 {[%emt 0:00:03]} Ka3 {[%emt 0:00:02]} 68. g7 {[%emt 0:00:02]} Rh2+ {[%emt 0:00:02]} 69. Kd3 {[%emt 0:00:03]} Rh3+ {[%emt 0:00:03]} 70. Kd2 {[%emt 0:00:04]} Rg3 {[%emt 0:00:01]} 71. Rc7 {[%emt 0:00:08]} Rg2+ {[%emt 0:00:03]} 72. Kd3 {[%emt 0:00:02]} Rg3+ {[%emt 0:00:02]} 73. Kd4 {[%emt 0:00:02]} Rg4 {[%emt 0:00:03]} 74. f5 {[%emt 0:00:02]} Rf4 {[%emt 0:00:04]} 75. g8=Q {[%emt 0:00:04]} Rf1 {[%emt 0:00:04]} 76. Qc4 {[%emt 0:00:03]} Rd1+ {[%emt 0:00:03]} 77. Ke5 {[%emt 0:00:05]} b3 {[%emt 0:00:03]} 78. Qa6+ {[%emt 0:00:02]} Kb2 {[%emt 0:00:02]} 79. Qc6 {[%emt 0:00:03]} Rc1 {[%emt 0:00:05]} 80. Qb5 {[%emt 0:00:03]} Rxc7 {[%emt 0:00:07]} 81. Qd5 {[%emt 0:00:04]} Rc1 {[%emt 0:00:03]} 82. Qd4+ {[%emt 0:00:02]} Ka2 {[%emt 0:00:03]} 83. Qd2+ {[%emt 0:00:02]} b2 {[%emt 0:00:03]} 84. Qxb2+ {[%emt 0:00:04]} Kxb2 {[%emt 0:00:03]} 85. f6 {[%emt 0:00:04]} Rc8 {[%emt 0:00:04]} 86. f7 {[%emt 0:00:01]} Kc3 {[%emt 0:00:04]} 87. Ke6 {[%emt 0:00:01]} Kd4 {[%emt 0:00:02]} 88. Ke7 {[%emt 0:00:02]} Kxe4 {[%emt 0:00:02]} 89. f8=Q {[%emt 0:00:03]} Rc7+ {[%emt 0:00:02]} 90. Kd8 {[%emt 0:00:06]} Rc5 {[%emt 0:00:06]} 91. Qe8+ {[%emt 0:00:02]} Re5 {[%emt 0:00:04]} 92. Qa4+ {[%emt 0:00:04]} Kf5 {[%emt 0:00:03]} 93. Qc2+ {[%emt 0:00:04]} Kf6 {[%emt 0:00:07]} 94. Qf2+ {[%emt 0:00:02]} Rf5 {[%emt 0:00:02]} 95. Qb2+ {[%emt 0:00:03]} Re5 {[%emt 0:00:02]} 96. Qb6+ {[%emt 0:00:03]} Re6 {[%emt 0:00:01]} 97. Qb2+ {[%emt 0:00:02]} Re5 {[%emt 0:00:02]} 98. Kd7 {[%emt 0:00:02]} Kf5 {[%emt 0:00:05]} 99. Kd6 {[%emt 0:00:02]} Re4 {[%emt 0:00:08]} 100. Qb5+ {[%emt 0:00:03]} Kf4 {[%emt 0:00:03] Luroe12 offers a draw} 1/2-1/2

[Event "OEISM 0818 BLMM"]
[Site "austriablmm"]
[Date "2020.12.12"]
[Round "2"]
[White "Leefke Giselbrecht"]
[Black "Chachacha7"]
[Result "0-1"]
[WhiteElo "1477"]
[BlackElo "1672"]
[Annotator "NA RC"]
[PlyCount "114"]
[EventDate "2020.12.12"]
[EventType "blitz"]

1. e4 {[%emt 0:00:03]} e6 {[%emt 0:00:02]} 2. d4 {[%emt 0:00:04]} d5 {[%emt 0:00:02]} 3. Nc3 {[%emt 0:00:03]} dxe4 {[%emt 0:00:01]} 4. Nxe4 {[%emt 0:00:03]} Nd7 {[%emt 0:00:02]} 5. Nf3 {[%emt 0:00:08]} Ngf6 {[%emt 0:00:02]} 6. Bd3 {[%emt 0:00:07]} Nxe4 {[%emt 0:00:03]} 7. Bxe4 {[%emt 0:00:02]} Nf6 {[%emt 0:00:01]} 8. Bd3 {[%emt 0:00:03]} c5 {[%emt 0:00:09]} 9. O-O {[%emt 0:00:08]} Be7 {[%emt 0:00:09]} 10. Bb5+ {[%emt 0:00:17]} Bd7 {[%emt 0:00:13]} 11. Bxd7+ {[%emt 0:00:02]} Qxd7 {[%emt 0:00:15]} 12. Re1 {[%emt 0:00:06]} O-O {[%emt 0:00:32]} 13. dxc5 {[%emt 0:00:08]} Bxc5 {[%emt 0:00:25]} 14. Qxd7 {[%emt 0:00:04]} Nxd7 {[%emt 0:00:03]} 15. Bf4 {[%emt 0:00:10]} Nf6 {[%emt 0:00:25]} 16. Rad1 {[%emt 0:00:05]} Rac8 {[%emt 0:01:02]} 17. c3 {[%emt 0:00:09]} Ng4 {[%emt 0:01:09]} 18. Bg3 {[%emt 0:00:18]} Rfd8 {[%emt 0:00:23]} 19. h3 {[%emt 0:00:07]} Nf6 {[%emt 0:00:11]} 20. Ne5 {[%emt 0:00:31]} h6 {[%emt 0:00:31]} 21. b4 {[%emt 0:00:39]} Bb6 {[%emt 0:00:25]} 22. c4 {[%emt 0:00:04]} Bd4 {[%emt 0:00:28]} 23. Nf3 {[%emt 0:00:13]} Bc3 {[%emt 0:00:25]} 24. Rxd8+ {[%emt 0:00:17]} Rxd8 {[%emt 0:00:02]} 25. Rb1 {[%emt 0:00:02]} Ne4 {[%emt 0:00:17]} 26. Bc7 {[%emt 0:00:20]} Rc8 {[%emt 0:00:11]} 27. Be5 {[%emt 0:00:06]} Bxe5 {[%emt 0:00:30]} 28. Nxe5 {[%emt 0:00:04]} f6 {[%emt 0:00:04]} 29. Re1 {[%emt 0:00:08]} Nd2 {[%emt 0:00:29]} 30. Rd1 {[%emt 0:00:11]} Nxc4 {[%emt 0:00:17]} 31. Nxc4 {[%emt 0:00:03]} Rxc4 {[%emt 0:00:02]} 32. a3 {[%emt 0:00:01]} Rc3 {[%emt 0:00:07]} 33. Ra1 {[%emt 0:00:03]} Kf7 {[%emt 0:00:07]} 34. Kf1 {[%emt 0:00:02]} e5 {[%emt 0:00:02]} 35. Ke2 {[%emt 0:00:02]} Ke6 {[%emt 0:00:01]} 36. Kd2 {[%emt 0:00:03]} Rc7 {[%emt 0:00:03]} 37. Ke3 {[%emt 0:00:03]} f5 {[%emt 0:00:04]} 38. f4 {[%emt 0:00:05]} e4 {[%emt 0:00:03]} 39. g4 {[%emt 0:00:05]} g6 {[%emt 0:00:03]} 40. g5 {[%emt 0:00:08]} hxg5 {[%emt 0:00:04]} 41. fxg5 {[%emt 0:00:01]} Ke5 {[%emt 0:00:01]} 42. h4 {[%emt 0:00:03]} f4+ {[%emt 0:00:04]} 43. Kf2 {[%emt 0:00:06]} f3 {[%emt 0:00:05]} 44. Re1 {[%emt 0:00:03]} Kf4 {[%emt 0:00:03]} 45. b5 {[%emt 0:00:12]} Rc2+ {[%emt 0:00:02]} 46. Kf1 {[%emt 0:00:08]} e3 {[%emt 0:00:03]} 47. h5 {[%emt 0:00:06]} gxh5 {[%emt 0:00:04]} 48. g6 {[%emt 0:00:01]} Rg2 {[%emt 0:00:04]} 49. g7 {[%emt 0:00:07]} Rxg7 {[%emt 0:00:02]} 50. a4 {[%emt 0:00:07]} Rg4 {[%emt 0:00:03]} 51. a5 {[%emt 0:00:03]} Rh4 {[%emt 0:00:02]} 52. Rxe3 {[%emt 0:00:11]} Kxe3 {[%emt 0:00:02]} 53. Kg1 {[%emt 0:00:04]} f2+ {[%emt 0:00:02]} 54. Kg2 {[%emt 0:00:02]} Ke2 {[%emt 0:00:01]} 55. Kg3 {[%emt 0:00:02]} Rg4+ {[%emt 0:00:04]} 56. Kh2 {[%emt 0:00:17]} f1=Q {[%emt 0:00:02]} 57. b6 {[%emt 0:00:04]} Qg2# {[%emt 0:00:02] Mate} 0-1

[Event "OEISM 0818 BLMM"]
[Site "austriablmm"]
[Date "2020.12.12"]
[Round "2"]
[White "Armin_Donner"]
[Black "Theodor_13"]
[Result "1-0"]
[WhiteElo "1433"]
[BlackElo "1430"]
[Annotator "NA RC"]
[PlyCount "103"]
[EventDate "2020.12.12"]
[EventType "blitz"]

1. e4 {[%emt 0:00:06]} e5 {[%emt 0:00:12]} 2. Nf3 {[%emt 0:00:02]} Nc6 {[%emt 0:00:03]} 3. Bc4 {[%emt 0:00:05]} Nf6 {[%emt 0:00:03]} 4. d3 {[%emt 0:00:04]} a6 {[%emt 0:00:04]} 5. Bg5 {[%emt 0:00:03]} b5 {[%emt 0:00:02]} 6. Bb3 {[%emt 0:00:06]} h6 {[%emt 0:00:05]} 7. Bh4 {[%emt 0:00:04]} g5 {[%emt 0:00:02]} 8. Bg3 {[%emt 0:00:08]} Nh5 {[%emt 0:00:04]} 9. Nc3 {[%emt 0:00:10]} g4 {[%emt 0:00:03]} 10. Nh4 {[%emt 0:00:06]} Nxg3 {[%emt 0:00:05]} 11. hxg3 {[%emt 0:00:04]} Be7 {[%emt 0:00:06]} 12. Nf5 {[%emt 0:00:06]} Bf6 {[%emt 0:00:14]} 13. Nxh6 {[%emt 0:00:06]} Bg7 {[%emt 0:00:03]} 14. Qxg4 {[%emt 0:00:44]} Bxh6 {[%emt 0:00:03]} 15. Nd5 {[%emt 0:00:16]} Ne7 {[%emt 0:00:09]} 16. Nxe7 {[%emt 0:00:05]} Qxe7 {[%emt 0:00:01]} 17. Bd5 {[%emt 0:00:20]} c6 {[%emt 0:00:07]} 18. Bb3 {[%emt 0:00:09]} d6 {[%emt 0:00:30]} 19. Qf3 {[%emt 0:00:30]} Qf6 {[%emt 0:00:10]} 20. Qxf6 {[%emt 0:00:25]} Bg7 {[%emt 0:00:13]} 21. Qxf7+ {[%emt 0:00:07]} Kd8 {[%emt 0:00:11]} 22. Rxh8+ {[%emt 0:00:05]} Bxh8 {[%emt 0:00:03]} 23. Qg8+ {[%emt 0:00:02]} Kc7 {[%emt 0:00:06]} 24. Qxh8 {[%emt 0:00:03]} Bb7 {[%emt 0:00:05]} 25. Qh7+ {[%emt 0:00:06]} Kb6 {[%emt 0:00:06]} 26. Ke2 {[%emt 0:00:12]} d5 {[%emt 0:00:05]} 27. exd5 {[%emt 0:00:03]} cxd5 {[%emt 0:00:00]} 28. Qh6+ {[%emt 0:00:06]} Ka7 {[%emt 0:00:04]} 29. Qe3+ {[%emt 0:00:17]} d4 {[%emt 0:00:04]} 30. Qxe5 {[%emt 0:00:08]} Rd8 {[%emt 0:00:05] Theodor_13 reconnected.} 31. Rh1 {[%emt 0:00:11]} a5 {[%emt 0:00:07]} 32. Qc5+ {[%emt 0:00:10]} Ka6 {[%emt 0:00:05]} 33. Qc7 {[%emt 0:00:10]} Rc8 {[%emt 0:00:08]} 34. Qd6+ {[%emt 0:00:12]} Rc6 {[%emt 0:00:05]} 35. Qxd4 {[%emt 0:00:12]} a4 {[%emt 0:00:09]} 36. Bd5 {[%emt 0:00:06]} Rb6 {[%emt 0:00:06]} 37. Qe3 {[%emt 0:00:07]} Bxd5 {[%emt 0:00:02]} 38. Rh6 {[%emt 0:00:14]} Rxh6 {[%emt 0:00:04]} 39. Qxh6+ {[%emt 0:00:03]} Ka5 {[%emt 0:00:04]} 40. g4 {[%emt 0:00:05]} Bxg2 {[%emt 0:00:03]} 41. g5 {[%emt 0:00:08]} Bd5 {[%emt 0:00:02]} 42. g6 {[%emt 0:00:05]} Bxa2 {[%emt 0:00:02]} 43. g7 {[%emt 0:00:04]} b4 {[%emt 0:00:03]} 44. Qh5+ {[%emt 0:00:10]} Ka6 {[%emt 0:00:06]} 45. d4 {[%emt 0:00:08]} Be6 {[%emt 0:00:07]} 46. Qg6 {[%emt 0:00:04]} Kb5 {[%emt 0:00:05]} 47. Qxe6 {[%emt 0:00:04]} Ka5 {[%emt 0:00:03]} 48. g8=Q {[%emt 0:00:03]} Kb5 {[%emt 0:00:03]} 49. Qe5+ {[%emt 0:00:03]} Kb6 {[%emt 0:00:03]} 50. Qg6+ {[%emt 0:00:04]} Kb7 {[%emt 0:00:03]} 51. Qe7+ {[%emt 0:00:02]} Kc8 {[%emt 0:00:03]} 52. Qg8# {[%emt 0:00:02] Mate Mate} 1-0

[Event "OEISM 0818 BLMM"]
[Site "austriablmm"]
[Date "2020.12.12"]
[Round "2"]
[White "Alexander Hörfarter"]
[Black "NIKO2011"]
[Result "0-1"]
[WhiteElo "1395"]
[BlackElo "1803"]
[Annotator "NA RC"]
[PlyCount "40"]
[EventDate "2020.12.12"]
[EventType "blitz"]

1. e4 {[%emt 0:00:06]} c5 {[%emt 0:00:01]} 2. Nc3 {[%emt 0:00:03]} Nc6 {[%emt 0:00:04]} 3. Bb5 {[%emt 0:00:06]} a6 {[%emt 0:00:11]} 4. Bxc6 {[%emt 0:00:37]} bxc6 {[%emt 0:00:03]} 5. d3 {[%emt 0:00:02]} d5 {[%emt 0:00:02]} 6. Bf4 {[%emt 0:00:06]} Nf6 {[%emt 0:00:13]} 7. Nf3 {[%emt 0:00:03]} e6 {[%emt 0:00:06]} 8. Qd2 {[%emt 0:00:28]} Be7 {[%emt 0:00:04]} 9. O-O {[%emt 0:00:09]} O-O {[%emt 0:00:02]} 10. Qe3 {[%emt 0:00:08]} d4 {[%emt 0:00:04]} 11. Qd2 {[%emt 0:00:04]} dxc3 {[%emt 0:00:02]} 12. Qxc3 {[%emt 0:00:00]} Qb6 {[%emt 0:00:22]} 13. Be3 {[%emt 0:00:27]} Ng4 {[%emt 0:00:13]} 14. Rfe1 {[%emt 0:00:05]} Nxe3 {[%emt 0:00:02]} 15. Rxe3 {[%emt 0:00:02]} Bf6 {[%emt 0:00:08]} 16. Qa3 {[%emt 0:00:09]} Qxb2 {[%emt 0:00:09]} 17. Qxb2 {[%emt 0:00:05]} Bxb2 {[%emt 0:00:02]} 18. Rb1 {[%emt 0:00:00]} Rb8 {[%emt 0:00:12]} 19. Ree1 {[%emt 0:00:06]} Bd7 {[%emt 0:00:03]} 20. Ne5 {[%emt 0:00:16]} Bxe5 {[%emt 0:00:03] Alexander Hörfarter resigns} 0-1